| 000 | 01260nam a22001577a 4500 | ||
|---|---|---|---|
| 999 |
_c514767 _d514767 |
||
| 008 | 201212b ||||| |||| 00| 0 eng d | ||
| 100 |
_aBianchin, Matteo. _921717 |
||
| 245 | _aExplaining Ideology: Mechanisms and metaphysics | ||
| 260 | _aPhilosophy of The Social Sciences | ||
| 300 | _a50(4), Jul, 2020: p,313-337 | ||
| 520 | _aIdeology is commonly defined along functional, epistemic, and genetic dimensions. This article advances a reasonably unified account that specifies how they connect and locates the mechanisms at work. I frame the account along a recent distinction between anchoring and grounding, endorse an etiological reading of functional explanations, and draw on current work about the epistemology of delusion, looping effects, and structuring causes to explain how ideologies originate, reproduce, and possibly collapse. This eventually allows articulating how the legitimating function of ideologies relates to the constitutive and causal role they play when embedded into the facts they are originally designed to anchor. - Reproduced | ||
| 650 |
_a Ideology, Anchoring and grounding, Etiological functions, Delusions, Looping effects _919618 |
||
| 773 | _aPhilosophy of The Social Sciences | ||
| 906 | _aIDEOLOGY | ||
| 942 | _cAR | ||